[Event "39. Open Ciutat de Badalona 2013"]
[Site "Badalona ESP"]
[Date "2013.08.02"]
[Round "1.2"]
[White "Kuba, Stanislav"]
[Black "Dvirnyy, Danyyil"]
[Result "0-1"]
[WhiteElo "2205"]
[BlackElo "2549"]
[PlyCount "54"]
[EventDate "2013.08.02"]
[EventType "swiss"]
[EventRounds "9"]
[EventCountry "ESP"]
[SourceTitle "Ajedrez en Madrid"]
[Source "lmi"]
[SourceDate "2013.08.02"]
[SourceVersion "1"]
[SourceVersionDate "2018.07.18"]
[SourceQuality "1"]

1. g3 d5 2. Bg2 c5 3. Nf3 Nc6 4. O-O e5 5. d3 Nf6 6. c3 h6 7. a3 Be6 8. b4 a6
9. Bb2 Qc7 10. bxc5 Bxc5 11. d4 Bd6 12. dxe5 Nxe5 13. Nd4 Bd7 14. Nd2 O-O 15.
Qc2 Rfe8 16. a4 Bc5 17. N2b3 Ba7 18. Nf5 Nc4 19. Bc1 Ne4 20. Nbd4 Qe5 21. Bf4
Qf6 22. Ne3 Nxc3 23. Nxd5 Nxd5 24. Bxd5 Bxd4 25. Rad1 Nb2 26. Rd2 Bxa4 27. Qc7
Re7 0-1

[Event "39. Open Ciutat de Badalona 2013"]
[Site "Badalona ESP"]
[Date "2013.08.02"]
[Round "1.3"]
[White "Alsina Leal, Daniel"]
[Black "Lopez Agustench, Eduard"]
[Result "1-0"]
[WhiteElo "2538"]
[BlackElo "2204"]
[PlyCount "71"]
[EventDate "2013.08.02"]
[EventType "swiss"]
[EventRounds "9"]
[EventCountry "ESP"]
[SourceTitle "Ajedrez en Madrid"]
[Source "lmi"]
[SourceDate "2013.08.02"]
[SourceVersion "1"]
[SourceVersionDate "2018.07.18"]
[SourceQuality "1"]

1. d4 d5 2. c4 e6 3. Nc3 Be7 4. cxd5 exd5 5. Bf4 c6 6. e3 Nf6 7. Bd3 O-O 8. Qc2
Re8 9. Nge2 Nbd7 10. O-O Nf8 11. h3 Bd6 12. Bg5 h6 13. Bh4 Be7 14. f3 Ne6 15.
Bf2 c5 16. dxc5 Bxc5 17. Rad1 Bd7 18. Bf5 Qb6 19. Nxd5 Nxd5 20. Rxd5 Bc6 21.
Bxe6 Bxe3 22. Bxf7+ Kxf7 23. Rf5+ Kg8 24. Ng3 Rad8 25. Bxe3 Qxe3+ 26. Kh2 Kh8
27. Rd1 Rxd1 28. Qxd1 Qf2 29. Qb3 Bd7 30. Rf4 Bc6 31. Qc3 Re3 32. Rf8+ Kh7 33.
Qc4 Qxb2 34. Qg8+ Kg6 35. Qf7+ Kh7 36. Qf5+ 1-0

[Event "39. Open Ciutat de Badalona 2013"]
[Site "Badalona ESP"]
[Date "2013.08.02"]
[Round "1.4"]
[White "Blandon Villa, Diego F"]
[Black "Flores Rios, Mauricio"]
[Result "0-1"]
[WhiteElo "2201"]
[BlackElo "2519"]
[PlyCount "92"]
[EventDate "2013.08.02"]
[EventType "swiss"]
[EventRounds "9"]
[EventCountry "ESP"]
[SourceTitle "Ajedrez en Madrid"]
[Source "lmi"]
[SourceDate "2013.08.02"]
[SourceVersion "1"]
[SourceVersionDate "2018.07.18"]
[SourceQuality "1"]

1. e4 c5 2. Nf3 e6 3. d4 cxd4 4. Nxd4 a6 5. Bd3 Qb6 6. Ne2 Nf6 7. Nbc3 Qc7 8.
O-O b5 9. a3 Bb7 10. Bf4 d6 11. h3 Nbd7 12. Qd2 Be7 13. Rae1 O-O 14. Ng3 Rac8
15. Qe2 Nc5 16. Bc1 d5 17. Bf4 Bd6 18. Bg5 d4 19. Nb1 Nfd7 20. Bf4 Nxd3 21.
Bxd6 Qxc2 22. Bxf8 Nxe1 23. Bxg7 Qxe2 24. Nxe2 Kxg7 25. Rxe1 e5 26. f3 Rc2 27.
b4 Nb6 28. Nc1 Nc4 29. Nd3 f6 30. Rc1 Ra2 31. a4 Kg6 32. Nc5 Bc8 33. axb5 axb5
34. Nd3 Kg5 35. Kh2 Kh4 36. Rf1 Bxh3 37. Rf2 Ra1 38. Nd2 Bc8 39. Nb3 Rd1 40.
Nbc5 Ne3 41. g3+ Kg5 42. Ra2 Rf1 43. Rf2 Ra1 44. Rb2 Kg6 45. Nb3 Rf1 46. Nd2
Rd1 0-1

[Event "39. Open Ciutat de Badalona 2013"]
[Site "Badalona ESP"]
[Date "2013.08.02"]
[Round "1.5"]
[White "Guerra Mendez, Jose Angel"]
[Black "Roos, Adrian"]
[Result "1-0"]
[WhiteElo "2516"]
[BlackElo "2201"]
[PlyCount "109"]
[EventDate "2013.08.02"]
[EventType "swiss"]
[EventRounds "9"]
[EventCountry "ESP"]
[SourceTitle "Ajedrez en Madrid"]
[Source "lmi"]
[SourceDate "2013.08.02"]
[SourceVersion "1"]
[SourceVersionDate "2018.07.18"]
[SourceQuality "1"]

1. e4 c5 2. Nf3 d6 3. d4 cxd4 4. Nxd4 Nf6 5. Nc3 a6 6. Bc4 e6 7. Bb3 b5 8. O-O
Be7 9. Qf3 Qb6 10. Be3 Qb7 11. Qg3 b4 12. Na4 Nxe4 13. Qxg7 Bf6 14. Qh6 Nd7 15.
f3 Nec5 16. Nxc5 dxc5 17. Nxe6 fxe6 18. Bxe6 Qb6 19. Bf2 Rb8 20. Rad1 Bd4 21.
Rxd4 cxd4 22. Bxd7+ Bxd7 23. Qxb6 Rxb6 24. Bxd4 Rc6 25. Bxh8 Rxc2 26. h3 Be6
27. a3 bxa3 28. bxa3 Ra2 29. Re1 Kf7 30. Re3 Bc4 31. Rc3 Bb5 32. Bd4 Rd2 33.
Rc7+ Ke6 34. Bf2 Bd3 35. g4 Rd1+ 36. Kh2 Ra1 37. Rc3 Rd1 38. Kg3 Bb5 39. Rc7
Bd3 40. f4 Kd6 41. Rc8 Bb5 42. Rd8+ Bd7 43. Rh8 Rd3+ 44. Kh4 Rxa3 45. Rxh7 a5
46. Bc5+ Kxc5 47. Rxd7 a4 48. f5 Rf3 49. Ra7 Kb4 50. Kg5 Rxh3 51. f6 Rf3 52.
Kg6 a3 53. g5 Kb3 54. f7 a2 55. Rxa2 1-0

[Event "39. Open Ciutat de Badalona 2013"]
[Site "Badalona ESP"]
[Date "2013.08.02"]
[Round "1.6"]
[White "Gonzalez Vericat, Sergio"]
[Black "Narciso Dublan, Marc"]
[Result "0-1"]
[WhiteElo "2198"]
[BlackElo "2505"]
[PlyCount "88"]
[EventDate "2013.08.02"]
[EventType "swiss"]
[EventRounds "9"]
[EventCountry "ESP"]
[SourceTitle "Ajedrez en Madrid"]
[Source "lmi"]
[SourceDate "2013.08.02"]
[SourceVersion "1"]
[SourceVersionDate "2018.07.18"]
[SourceQuality "1"]

1. Nf3 d6 2. d4 Bg4 3. g3 Bxf3 4. exf3 e6 5. Bg2 Ne7 6. O-O g6 7. f4 c6 8. Nd2
Bg7 9. Ne4 O-O 10. Rb1 Qc7 11. b3 Rd8 12. Bb2 Nd7 13. Qe2 a5 14. a3 Nf5 15.
Rfd1 d5 16. Ng5 c5 17. c4 h6 18. Nf3 dxc4 19. Qxc4 Rac8 20. Qe2 cxd4 21. Nxd4
Nxd4 22. Bxd4 Bxd4 23. Rxd4 Nb6 24. Rdd1 Nd5 25. Bxd5 Rxd5 26. Rxd5 exd5 27.
Rd1 Rd8 28. Rd4 Qc1+ 29. Qd1 Qxd1+ 30. Rxd1 Kf8 31. Kg2 Ke7 32. Kf3 Kd6 33. Ke3
Rc8 34. Kd3 b5 35. Kd2 d4 36. Re1 Rc3 37. Re5 Rxb3 38. a4 f6 39. Re8 bxa4 40.
Ra8 Rb5 41. Kd3 a3 42. Rd8+ Kc5 43. Rc8+ Kb4 44. Rc1 a2 0-1

[Event "39. Open Ciutat de Badalona 2013"]
[Site "Badalona ESP"]
[Date "2013.08.02"]
[Round "1.7"]
[White "Fluvia Poyatos, Joan"]
[Black "Formento, Paolo"]
[Result "1-0"]
[WhiteElo "2491"]
[BlackElo "2188"]
[PlyCount "81"]
[EventDate "2013.08.02"]
[EventType "swiss"]
[EventRounds "9"]
[EventCountry "ESP"]
[SourceTitle "Ajedrez en Madrid"]
[Source "lmi"]
[SourceDate "2013.08.02"]
[SourceVersion "1"]
[SourceVersionDate "2018.07.18"]
[SourceQuality "1"]

1. e4 e6 2. d4 d5 3. Nc3 Bb4 4. e5 b6 5. a3 Bf8 6. b4 Ne7 7. Bg5 h6 8. Bxe7
Bxe7 9. f4 c5 10. Rb1 cxd4 11. Nb5 Nc6 12. Nf3 O-O 13. Nbxd4 Nxd4 14. Nxd4 f6
15. Bd3 fxe5 16. fxe5 Bh4+ 17. g3 Qg5 18. Ne2 Qxe5 19. gxh4 d4 20. Bc4 b5 21.
Qxd4 Qxd4 22. Nxd4 bxc4 23. Rf1 e5 24. Rxf8+ Kxf8 25. Nc6 Bf5 26. Kd2 c3+ 27.
Kxc3 Rc8 28. b5 a6 29. Rf1 g6 30. a4 axb5 31. axb5 Kg7 32. Kb4 Bxc2 33. Nxe5
Re8 34. Rf7+ Kg8 35. Rc7 Rxe5 36. Rxc2 Re4+ 37. Kc5 Re5+ 38. Kc6 Re6+ 39. Kc7
Re7+ 40. Kd6 Rb7 41. Rc8+ 1-0

[Event "39. Open Ciutat de Badalona 2013"]
[Site "Badalona ESP"]
[Date "2013.08.02"]
[Round "1.8"]
[White "Salazar, Aura Cristina"]
[Black "Perez Mitjans, Orelvis"]
[Result "0-1"]
[WhiteElo "2186"]
[BlackElo "2475"]
[PlyCount "94"]
[EventDate "2013.08.02"]
[EventType "swiss"]
[EventRounds "9"]
[EventCountry "ESP"]
[SourceTitle "Ajedrez en Madrid"]
[Source "lmi"]
[SourceDate "2013.08.02"]
[SourceVersion "1"]
[SourceVersionDate "2018.07.18"]
[SourceQuality "1"]

1. e4 c5 2. Nf3 d6 3. d4 cxd4 4. Nxd4 Nf6 5. Nc3 g6 6. Be3 Bg7 7. f3 O-O 8. Qd2
Nc6 9. Bc4 Nd7 10. Bb3 Nb6 11. h4 Na5 12. Qd3 Nxb3 13. axb3 d5 14. Ndb5 a6 15.
Bxb6 Qxb6 16. Nxd5 Qd8 17. Nbc3 b5 18. O-O-O e6 19. Nf4 Qa5 20. Kb1 Bb7 21. Qd7
Rab8 22. h5 Rfd8 23. Qe7 Re8 24. Qd7 b4 25. hxg6 hxg6 26. Na4 Qg5 27. Nh3 Qb5
28. Rhe1 Bc6 29. Qa7 Rec8 30. f4 Rb7 31. Qc5 Rbc7 32. Qf2 Qh5 33. Nb6 Bxe4 34.
Nxc8 Rxc8 35. Rd2 Qf5 36. Ng5 Qf6 37. Kc1 Bxc2 38. Re5 Bxb3+ 39. Kb1 Qe7 40.
Re3 Ba4 41. Re4 Qb7 42. Qe3 a5 43. Rxe6 Qc7 44. Qe1 Bc2+ 45. Ka1 Bxb2+ 46. Kxb2
Qc3+ 47. Kc1 Qa1# 0-1

[Event "39. Open Ciutat de Badalona 2013"]
[Site "Badalona ESP"]
[Date "2013.08.02"]
[Round "1.9"]
[White "Escobar Forero, Alder"]
[Black "Gamez Cenzano, Andres"]
[Result "1-0"]
[WhiteElo "2466"]
[BlackElo "2180"]
[PlyCount "81"]
[EventDate "2013.08.02"]
[EventType "swiss"]
[EventRounds "9"]
[EventCountry "ESP"]
[SourceTitle "Ajedrez en Madrid"]
[Source "lmi"]
[SourceDate "2013.08.02"]
[SourceVersion "1"]
[SourceVersionDate "2018.07.18"]
[SourceQuality "1"]

1. e4 e6 2. d4 d5 3. Nc3 Nc6 4. Nf3 Nf6 5. Bd3 Bb4 6. e5 Ne4 7. Bd2 Nxd2 8.
Qxd2 O-O 9. a3 Be7 10. Bb5 Bd7 11. Bxc6 Bxc6 12. O-O a5 13. Ne1 b6 14. f4 g6
15. Rf3 Bb7 16. Nd1 c5 17. c3 Rc8 18. Ne3 f5 19. exf6 Bxf6 20. Ng4 cxd4 21.
cxd4 Rc4 22. Ne5 Bxe5 23. fxe5 Ba6 24. Qf2 Rxf3 25. Nxf3 Qf8 26. Qf1 a4 27. Ng5
Qxf1+ 28. Rxf1 Rc2 29. Rf6 Bc8 30. g4 Rxb2 31. Nf7 Rc2 32. Nd6 Rc3 33. g5 Rxa3
34. Nxc8 Rb3 35. Rxe6 b5 36. Re8+ Kg7 37. Re7+ Kf8 38. e6 Re3 39. Rf7+ Kg8 40.
Ne7+ Kh8 41. Rf8+ 1-0

[Event "39. Open Ciutat de Badalona 2013"]
[Site "Badalona ESP"]
[Date "2013.08.02"]
[Round "1.10"]
[White "Guetas Sanchez, Hugo"]
[Black "Munoz Pantoja, Miguel"]
[Result "0-1"]
[WhiteElo "2177"]
[BlackElo "2456"]
[PlyCount "71"]
[EventDate "2013.08.02"]
[EventType "swiss"]
[EventRounds "9"]
[EventCountry "ESP"]
[SourceTitle "Ajedrez en Madrid"]
[Source "lmi"]
[SourceDate "2013.08.02"]
[SourceVersion "1"]
[SourceVersionDate "2018.07.18"]
[SourceQuality "1"]

1. d4 c5 2. c3 Nf6 3. Bf4 Qb6 4. Qc1 Nc6 5. e3 d5 6. Bd3 cxd4 7. exd4 Bg4 8.
Na3 Rc8 9. Qd2 e6 10. f3 Bh5 11. Ne2 Bg6 12. Rb1 Be7 13. Nc2 O-O 14. b4 Na5 15.
Ne3 Bxd3 16. Qxd3 Nc4 17. O-O Bd6 18. Bg5 Nxe3 19. Bxe3 Qc7 20. Kf2 Nd7 21. g3
Nb6 22. Kg2 a6 23. h4 Qc4 24. Qd2 Na4 25. Rb3 Rfe8 26. f4 Nb6 27. Nc1 Nd7 28.
Nd3 Nf6 29. Nf2 Re7 30. g4 Rec7 31. g5 Ne4 32. Nxe4 dxe4 33. f5 exf5 34. Rxf5
Qe6 35. Qf2 g6 36. d5 0-1

[Event "39. Open Ciutat de Badalona 2013"]
[Site "Badalona ESP"]
[Date "2013.08.03"]
[Round "2.1"]
[White "Jose Abril, Ramon"]
[Black "Vocaturo, Daniele"]
[Result "0-1"]
[WhiteElo "2345"]
[BlackElo "2549"]
[PlyCount "77"]
[EventDate "2013.08.02"]
[EventType "swiss"]
[EventRounds "9"]
[EventCountry "ESP"]
[SourceTitle "Ajedrez en Madrid"]
[Source "lmi"]
[SourceDate "2013.08.02"]
[SourceVersion "1"]
[SourceVersionDate "2018.07.18"]
[SourceQuality "1"]

1. d4 Nf6 2. c4 e6 3. Nc3 Bb4 4. e3 O-O 5. Bd3 d5 6. a3 Bxc3+ 7. bxc3 dxc4 8.
Bxc4 c5 9. Ne2 Qc7 10. Ba2 b6 11. O-O Ba6 12. f3 Nc6 13. Rf2 Na5 14. e4 Bc4 15.
Bg5 Bxa2 16. Bxf6 Bb3 17. Be5 Qxe5 18. dxe5 Bxd1 19. Rxd1 Nc4 20. a4 Nxe5 21.
f4 Nc4 22. Ng3 Rfd8 23. Re1 f6 24. f5 e5 25. Nh5 Rd3 26. Rf3 Rad8 27. Kf2 Kf7
28. Ng3 Nb2 29. a5 bxa5 30. Rb1 Rd2+ 31. Kf1 Nc4 32. Rb7+ R2d7 33. Rxd7+ Rxd7
34. Ke1 a4 35. Rf2 a3 36. Ra2 Rb7 37. Ne2 Rb2 38. Nc1 Ne3 39. g3 0-1

[Event "39. Open Ciutat de Badalona 2013"]
[Site "Badalona ESP"]
[Date "2013.08.03"]
[Round "2.2"]
[White "Dvirnyy, Danyyil"]
[Black "Vidarte Morales, Arturo"]
[Result "1-0"]
[WhiteElo "2549"]
[BlackElo "2351"]
[PlyCount "81"]
[EventDate "2013.08.02"]
[EventType "swiss"]
[EventRounds "9"]
[EventCountry "ESP"]
[SourceTitle "Ajedrez en Madrid"]
[Source "lmi"]
[SourceDate "2013.08.02"]
[SourceVersion "1"]
[SourceVersionDate "2018.07.18"]
[SourceQuality "1"]

1. Nf3 Nf6 2. g3 g6 3. Bg2 Bg7 4. O-O O-O 5. c4 d5 6. cxd5 Nxd5 7. d4 Nb6 8.
Nc3 Nc6 9. d5 Na5 10. e4 c6 11. Bf4 cxd5 12. Nxd5 Nxd5 13. exd5 Nc4 14. Qb3 Nd6
15. Rfe1 Re8 16. Ne5 Qb6 17. Qa4 Rd8 18. Rac1 h5 19. Nc4 Nxc4 20. Qxc4 e5 21.
Rxe5 Bd7 22. Re7 Qf6 23. Rce1 Bf8 24. R7e2 Rac8 25. Qb3 Bg4 26. Rc2 Rxc2 27.
Qxc2 Rc8 28. Qd2 Bd6 29. Bg5 Bb4 30. Qxb4 Qxg5 31. h3 Bf5 32. h4 Qf6 33. Qxb7
Qd4 34. Qb3 Rc2 35. Qe3 Qxb2 36. Qxa7 Qc3 37. Re8+ Kg7 38. Qe7 Be6 39. dxe6
Qe1+ 40. Kh2 Rxf2 41. Qf8+ 1-0

[Event "39. Open Ciutat de Badalona 2013"]
[Site "Badalona ESP"]
[Date "2013.08.03"]
[Round "2.3"]
[White "Vehi Bach, Victor Manuel"]
[Black "Alsina Leal, Daniel"]
[Result "0-1"]
[WhiteElo "2307"]
[BlackElo "2538"]
[PlyCount "52"]
[EventDate "2013.08.02"]
[EventType "swiss"]
[EventRounds "9"]
[EventCountry "ESP"]
[SourceTitle "Ajedrez en Madrid"]
[Source "lmi"]
[SourceDate "2013.08.02"]
[SourceVersion "1"]
[SourceVersionDate "2018.07.18"]
[SourceQuality "1"]

1. e4 e6 2. d4 d5 3. Nc3 Bb4 4. e5 c5 5. a3 Ba5 6. b4 cxd4 7. Nb5 Bc7 8. f4 Bd7
9. Nf3 Bxb5 10. Bxb5+ Nc6 11. Bb2 Nge7 12. Nxd4 Bb6 13. Qh5 O-O 14. Nf3 Nf5 15.
Bd3 g6 16. Qh3 Ncd4 17. O-O-O Nxf3 18. Qxf3 Rc8 19. h4 Ne3 20. Rde1 Nc4 21.
Bxc4 Rxc4 22. h5 Qc7 23. Re2 Rc8 24. Qd3 Rxf4 25. g3 Qc4 26. Qd2 Re4 0-1

[Event "39. Open Ciutat de Badalona 2013"]
[Site "Badalona ESP"]
[Date "2013.08.03"]
[Round "2.4"]
[White "Flores Rios, Mauricio"]
[Black "Padeiro, Jose"]
[Result "1-0"]
[WhiteElo "2519"]
[BlackElo "2338"]
[PlyCount "87"]
[EventDate "2013.08.02"]
[EventType "swiss"]
[EventRounds "9"]
[EventCountry "ESP"]
[SourceTitle "Ajedrez en Madrid"]
[Source "lmi"]
[SourceDate "2013.08.02"]
[SourceVersion "1"]
[SourceVersionDate "2018.07.18"]
[SourceQuality "1"]

1. d4 d5 2. c4 c6 3. Nf3 Nf6 4. Nc3 a6 5. c5 Bf5 6. Bf4 Nbd7 7. e3 Nh5 8. Be5
Nxe5 9. Nxe5 Nf6 10. b4 Nd7 11. Nd3 Bxd3 12. Bxd3 e5 13. a4 e4 14. Be2 Qg5 15.
O-O Be7 16. b5 Bd8 17. bxc6 bxc6 18. a5 h5 19. Qa4 Rh6 20. Rfb1 Rg6 21. Bf1 Ra7
22. Rb6 Bxb6 23. cxb6 Ra8 24. Rc1 Rd6 25. Na2 Nb8 26. Nb4 Kd7 27. Qc2 Kc8 28.
Qc5 Qd8 29. Be2 Kb7 30. Bxh5 Rf6 31. Be2 Qd6 32. Qc3 Rh6 33. g3 Nd7 34. h4 Nb8
35. Qd2 f5 36. Kg2 Nd7 37. Rxc6 Qxc6 38. Nxc6 Rxc6 39. Qb4 Re8 40. Bd1 Ree6 41.
Ba4 Rc4 42. Qa3 Nb8 43. Qf8 Rxa4 44. Qf7+ 1-0

[Event "39. Open Ciutat de Badalona 2013"]
[Site "Badalona ESP"]
[Date "2013.08.03"]
[Round "2.5"]
[White "Vittorino, Carlo Giovanni"]
[Black "Guerra Mendez, Jose Angel"]
[Result "1/2-1/2"]
[WhiteElo "2296"]
[BlackElo "2516"]
[PlyCount "65"]
[EventDate "2013.08.02"]
[EventType "swiss"]
[EventRounds "9"]
[EventCountry "ESP"]
[SourceTitle "Ajedrez en Madrid"]
[Source "lmi"]
[SourceDate "2013.08.02"]
[SourceVersion "1"]
[SourceVersionDate "2018.07.18"]
[SourceQuality "1"]

1. e4 c5 2. Nf3 d6 3. d4 cxd4 4. Nxd4 Nf6 5. Nc3 a6 6. Be2 e5 7. Nb3 Be7 8. Be3
Be6 9. Nd5 Nbd7 10. Qd3 Bxd5 11. exd5 O-O 12. c4 b6 13. O-O Nc5 14. Nxc5 bxc5
15. Rab1 a5 16. b3 g6 17. a3 Nd7 18. f3 Bg5 19. Bf2 Qc7 20. Qc2 Rab8 21. Bd3 f5
22. Rfe1 Rf7 23. Bf1 Re7 24. g3 Bh6 25. Bg2 Rbe8 26. Re2 Rb8 27. Kh1 Bg5 28.
Be1 Ree8 29. Bc3 Bf6 30. Rbe1 Qb6 31. Bd2 Qa6 32. a4 Qb6 33. Rb1 1/2-1/2

[Event "39. Open Ciutat de Badalona 2013"]
[Site "Badalona ESP"]
[Date "2013.08.03"]
[Round "2.6"]
[White "Narciso Dublan, Marc"]
[Black "Chueca Forcen, Alberto"]
[Result "1/2-1/2"]
[WhiteElo "2505"]
[BlackElo "2313"]
[PlyCount "108"]
[EventDate "2013.08.02"]
[EventType "swiss"]
[EventRounds "9"]
[EventCountry "ESP"]
[SourceTitle "Ajedrez en Madrid"]
[Source "lmi"]
[SourceDate "2013.08.02"]
[SourceVersion "1"]
[SourceVersionDate "2018.07.18"]
[SourceQuality "1"]

1. d4 d5 2. c4 e5 3. dxe5 d4 4. Nf3 Nc6 5. Nbd2 Nge7 6. Nb3 Nf5 7. e4 dxe3 8.
Qxd8+ Kxd8 9. fxe3 h6 10. e4 Nfe7 11. Bf4 g5 12. O-O-O+ Ke8 13. Bg3 Ng6 14.
Nbd4 Nxd4 15. Nxd4 Bg4 16. Rd2 Rc8 17. Nf5 Bc5 18. Kc2 Ne7 19. Nd4 Bxd4 20.
Rxd4 Nc6 21. Rd2 Ke7 22. c5 Rhd8 23. Bc4 Rxd2+ 24. Kxd2 Be6 25. Bxe6 Kxe6 26.
Rf1 Nxe5 27. Bxe5 Kxe5 28. Rxf7 Kxe4 29. Kc3 h5 30. Kc4 h4 31. b4 a6 32. a4 Ke5
33. a5 b5+ 34. axb6 cxb6 35. Re7+ Kf4 36. Re6 b5+ 37. Kd5 a5 38. bxa5 Rd8+ 39.
Rd6 Ra8 40. c6 b4 41. Kc4 Ke5 42. Rd5+ Ke6 43. Rxg5 h3 44. gxh3 Kd6 45. Rg6+
Kc7 46. Kc5 Rxa5+ 47. Kxb4 Rh5 48. Rg3 Kxc6 49. Rd3 Rd5 50. Ra3 Kd6 51. Kc4 Rd2
52. Rg3 Rxh2 53. Kd3 Ra2 54. Kc4 Kc6 1/2-1/2

[Event "39. Open Ciutat de Badalona 2013"]
[Site "Badalona ESP"]
[Date "2013.08.03"]
[Round "2.7"]
[White "Chalmeta Ugas, Ramon"]
[Black "Fluvia Poyatos, Joan"]
[Result "0-1"]
[WhiteElo "2280"]
[BlackElo "2491"]
[PlyCount "82"]
[EventDate "2013.08.02"]
[EventType "swiss"]
[EventRounds "9"]
[EventCountry "ESP"]
[SourceTitle "Ajedrez en Madrid"]
[Source "lmi"]
[SourceDate "2013.08.02"]
[SourceVersion "1"]
[SourceVersionDate "2018.07.18"]
[SourceQuality "1"]

1. e4 c5 2. Nf3 Nc6 3. d4 cxd4 4. Nxd4 Nf6 5. Nc3 d6 6. Bg5 Bd7 7. Be2 Qa5 8.
Bxf6 gxf6 9. O-O Nxd4 10. Qxd4 Rc8 11. f4 Qc5 12. Rad1 e6 13. Kh1 Qxd4 14. Rxd4
a6 15. f5 Rc5 16. Rc4 Rxc4 17. Bxc4 Ke7 18. g3 Bh6 19. Bd3 Rc8 20. h4 Rc5 21.
Kh2 Be3 22. Nd1 Bc1 23. Rf2 Ra5 24. a3 Re5 25. c4 Ba4 26. Bc2 Bc6 27. fxe6 fxe6
28. Rf1 h5 29. Kh3 b5 30. cxb5 Bxb5 31. Rf2 Bc6 32. Rf1 a5 33. a4 Rc5 34. Rf2
Rc4 35. b3 Rd4 36. Nc3 Bb2 37. Nb5 Rb4 38. Bd1 Be5 39. Bxh5 Rxb3 40. Rf3 Rb4
41. Bg6 f5 0-1

[Event "39. Open Ciutat de Badalona 2013"]
[Site "Badalona ESP"]
[Date "2013.08.03"]
[Round "2.8"]
[White "Perez Mitjans, Orelvis"]
[Black "Villuendas Valero, Adrian"]
[Result "1-0"]
[WhiteElo "2475"]
[BlackElo "2300"]
[PlyCount "65"]
[EventDate "2013.08.02"]
[EventType "swiss"]
[EventRounds "9"]
[EventCountry "ESP"]
[SourceTitle "Ajedrez en Madrid"]
[Source "lmi"]
[SourceDate "2013.08.02"]
[SourceVersion "1"]
[SourceVersionDate "2018.07.18"]
[SourceQuality "1"]

1. e4 c5 2. Nf3 Nc6 3. d4 cxd4 4. Nxd4 g6 5. Nc3 Bg7 6. Be3 Qa5 7. Qd2 d6 8.
Nb3 Qd8 9. O-O-O Nf6 10. f3 Be6 11. g4 Nd7 12. Nd5 a5 13. Nd4 Bxd5 14. exd5 Nb4
15. Kb1 Nxd5 16. Bh6 Bxh6 17. Qxh6 Qb6 18. Nb5 N5f6 19. Qf4 h6 20. h4 Qc5 21.
Re1 Kf8 22. Rh2 e5 23. Qd2 d5 24. c4 d4 25. g5 hxg5 26. hxg5 Rxh2 27. Qxh2 Nh5
28. Bh3 Qb4 29. Rc1 Nc5 30. Nc7 Rd8 31. Nd5 Rxd5 32. cxd5 Na4 33. Rc8+ 1-0

[Event "39. Open Ciutat de Badalona 2013"]
[Site "Badalona ESP"]
[Date "2013.08.03"]
[Round "2.9"]
[White "Macias Murillo, Bryan"]
[Black "Escobar Forero, Alder"]
[Result "0-1"]
[WhiteElo "2261"]
[BlackElo "2466"]
[PlyCount "136"]
[EventDate "2013.08.02"]
[EventType "swiss"]
[EventRounds "9"]
[EventCountry "ESP"]
[SourceTitle "Ajedrez en Madrid"]
[Source "lmi"]
[SourceDate "2013.08.02"]
[SourceVersion "1"]
[SourceVersionDate "2018.07.18"]
[SourceQuality "1"]

1. d4 Nf6 2. Nf3 d6 3. g3 g6 4. Bg2 Bg7 5. c4 O-O 6. Nc3 c6 7. O-O Qb6 8. Qc2
Nbd7 9. h3 Qa6 10. Nd2 Rb8 11. a4 e5 12. d5 Qb6 13. b3 Qc7 14. Ba3 Re8 15. Rac1
a6 16. Kh2 c5 17. Rce1 h5 18. Bc1 Nf8 19. e4 N8h7 20. Qd3 Qe7 21. Kh1 h4 22.
Nf3 hxg3 23. fxg3 Nh5 24. Ng1 Bd7 25. Nge2 Bf6 26. Rf2 Bg5 27. Bxg5 Qxg5 28.
Rd1 Rf8 29. g4 Ng7 30. Qg3 Ne8 31. Rg1 f6 32. Bf1 Rf7 33. h4 Qh6 34. Rh2 Qf8
35. Nc1 Rg7 36. Qe3 Qe7 37. Bd3 Nc7 38. a5 Rf8 39. N1e2 Ne8 40. Bc2 Qd8 41. g5
fxg5 42. hxg5 Qxa5 43. Kg2 Bg4 44. Rh4 Bf3+ 45. Kh2 Qd8 46. Bd1 Rgf7 47. Rg3
Bxe2 48. Bxe2 Rf4 49. Rhg4 Ng7 50. Rg2 Nh5 51. Qh3 R8f7 52. Qh4 Qe7 53. Nd1
Rxg4 54. Bxg4 Nf4 55. Be6 Nxg2 56. Bxf7+ Qxf7 57. Kxg2 Qe7 58. Qh3 Qxg5+ 59.
Kf1 Qf4+ 60. Nf2 Ng5 61. Qc8+ Kg7 62. Qxb7+ Kh6 63. Qd7 Nxe4 64. Qh3+ Kg5 65.
Qg2+ Kf5 66. Qh3+ Kf6 67. Qe6+ Kg5 68. Qe7+ Kh6 0-1

[Event "39. Open Ciutat de Badalona 2013"]
[Site "Badalona ESP"]
[Date "2013.08.03"]
[Round "2.10"]
[White "Munoz Pantoja, Miguel"]
[Black "Oms Fuentes, Lluis"]
[Result "1-0"]
[WhiteElo "2456"]
[BlackElo "2288"]
[PlyCount "113"]
[EventDate "2013.08.02"]
[EventType "swiss"]
[EventRounds "9"]
[EventCountry "ESP"]
[SourceTitle "Ajedrez en Madrid"]
[Source "lmi"]
[SourceDate "2013.08.02"]
[SourceVersion "1"]
[SourceVersionDate "2018.07.18"]
[SourceQuality "1"]

1. e4 g6 2. d4 Bg7 3. Nc3 c6 4. Nf3 d5 5. Bd3 Bg4 6. e5 e6 7. h3 Bxf3 8. Qxf3
a6 9. Ne2 c5 10. c3 Nc6 11. Bd2 Nge7 12. b3 cxd4 13. cxd4 Qb6 14. Rc1 O-O 15.
Qe3 Rac8 16. O-O Nb4 17. Bb1 Rxc1 18. Rxc1 Rc8 19. Bc3 a5 20. Qd2 Rc7 21. g4
Bf8 22. Kg2 Nec6 23. f4 Na7 24. Rf1 Nb5 25. Bb2 Bh6 26. h4 Rc6 27. h5 Qc7 28.
Rh1 Bg7 29. hxg6 hxg6 30. a4 Na7 31. f5 exf5 32. gxf5 gxf5 33. Bxf5 Nc8 34. Bc3
Ne7 35. Bh7+ Kf8 36. Bxb4 axb4 37. Qxb4 Rh6 38. Rxh6 Bxh6 39. Bd3 Qd7 40. Kg3
Kg7 41. Qc5 Bg5 42. Ng1 Qe6 43. Nf3 Qh6 44. b4 Bf4+ 45. Kf2 Qh3 46. Bf1 Bg3+
47. Ke2 Qg4 48. Qxe7 Qe4+ 49. Kd2 Bf4+ 50. Kc3 Qxf3+ 51. Bd3 Bg3 52. Qg5+ Kh8
53. Qh6+ Kg8 54. e6 Be1+ 55. Kc2 Qg2+ 56. Kd1 Bxb4 57. Bh7+ 1-0

[Event "39. Open Ciutat de Badalona 2013"]
[Site "Badalona ESP"]
[Date "2013.08.04"]
[Round "3.1"]
[White "Vocaturo, Daniele"]
[Black "Lorenzo De La Riva, Lazaro"]
[Result "1/2-1/2"]
[WhiteElo "2549"]
[BlackElo "2449"]
[PlyCount "118"]
[EventDate "2013.08.02"]
[EventType "swiss"]
[EventRounds "9"]
[EventCountry "ESP"]
[SourceTitle "Ajedrez en Madrid"]
[Source "lmi"]
[SourceDate "2013.08.02"]
[SourceVersion "1"]
[SourceVersionDate "2018.07.18"]
[SourceQuality "1"]

1. Nf3 c5 2. c4 Nf6 3. g3 e6 4. Bg2 d5 5. cxd5 exd5 6. d4 Nc6 7. O-O Be7 8.
dxc5 Bxc5 9. Bg5 O-O 10. Nc3 d4 11. Ne4 Be7 12. Bxf6 Bxf6 13. b4 a6 14. a4 Nxb4
15. Nxf6+ Qxf6 16. Qxd4 Qxd4 17. Nxd4 a5 18. Rfc1 Rd8 19. e3 Rb8 20. Rc7 Na6
21. Re7 f6 22. Rc1 Kf8 23. Re4 Bd7 24. Rh4 h6 25. Bh3 Bxh3 26. Rxh3 Rd5 27. Rh4
Kf7 28. Nb5 Rbd8 29. Rd4 Rxd4 30. Nxd4 Rd7 31. Nb3 Rd5 32. Kg2 b5 33. axb5 Rxb5
34. Nd4 Rb2 35. Ra1 Nc5 36. Rxa5 Nd3 37. Ra7+ Kg6 38. Nc6 Rxf2+ 39. Kg1 Rb2 40.
Rxg7+ Kf5 41. Nd4+ Ke4 42. Rf7 Rb6 43. Kg2 h5 44. Rh7 Rb2+ 45. Kh3 Kxe3 46.
Nf5+ Ke4 47. Rxh5 Ne5 48. Nd6+ Kd5 49. Nf7 Kd4 50. Nxe5 fxe5 51. Kg4 e4 52. Rh8
e3 53. h4 Kd3 54. Re8 Ke2 55. h5 Rb4+ 56. Kh3 Kf2 57. Rf8+ Kg1 58. Re8 Kf2 59.
Rf8+ Kg1 1/2-1/2